<?xml version="1.0" encoding="UTF-8"?>
<record
    xmlns:xsi="http://www.w3.org/2001/XMLSchema-instance"
    xsi:schemaLocation="http://www.loc.gov/MARC21/slim http://www.loc.gov/standards/marcxml/schema/MARC21slim.xsd"
    xmlns="http://www.loc.gov/MARC21/slim">

  <leader>00644nam a2200217Ia 4500</leader>
  <controlfield tag="008">200830s9999||||xx |||||||||||||| ||und||</controlfield>
  <datafield tag="020" ind1=" " ind2=" ">
    <subfield code="a">7100100690</subfield>
  </datafield>
  <datafield tag="020" ind1=" " ind2=" ">
    <subfield code="a">9787100100694</subfield>
  </datafield>
  <datafield tag="041" ind1=" " ind2=" ">
    <subfield code="a">chi</subfield>
  </datafield>
  <datafield tag="050" ind1=" " ind2=" ">
    <subfield code="a">BR1285 </subfield>
    <subfield code="b">.W83 2015</subfield>
  </datafield>
  <datafield tag="100" ind1=" " ind2=" ">
    <subfield code="a">&#x5434;&#x96F7;&#x5DDD;</subfield>
  </datafield>
  <datafield tag="245" ind1=" " ind2="0">
    <subfield code="a">&#x57FA;&#x7763;&#x6559;&#x4E0E;&#x4E2D;&#x56FD;&#x6587;&#x5316;</subfield>
    <subfield code="b"> /</subfield>
    <subfield code="c">&#x5434;&#x96F7;&#x5DDD;</subfield>
  </datafield>
  <datafield tag="246" ind1=" " ind2=" ">
    <subfield code="a">&#x57FA;&#x7763;&#x6559;&#x8207;&#x4E2D;&#x570B;&#x6587;&#x5316;</subfield>
    <subfield code="b">/</subfield>
  </datafield>
  <datafield tag="260" ind1=" " ind2=" ">
    <subfield code="a">&#x5317;&#x4EAC;&#xFF1A;</subfield>
    <subfield code="b">&#x5546;&#x52A1;&#x5370;&#x4E66;&#x9986;,</subfield>
    <subfield code="c">2015</subfield>
  </datafield>
  <datafield tag="300" ind1=" " ind2=" ">
    <subfield code="a">[1], 38, 6, 2, 183 p. </subfield>
    <subfield code="b">;</subfield>
    <subfield code="c">21 cm.</subfield>
  </datafield>
  <datafield tag="490" ind1=" " ind2=" ">
    <subfield code="a">&#x4E2D;&#x534E;&#x73B0;&#x4EE3;&#x5B66;&#x672F;&#x540D;&#x8457;&#x4E1B;&#x4E66;</subfield>
  </datafield>
  <datafield tag="650" ind1=" " ind2=" ">
    <subfield code="a">China -- Civilization.</subfield>
  </datafield>
  <datafield tag="650" ind1=" " ind2=" ">
    <subfield code="a">Christianity -- Influence.</subfield>
  </datafield>
  <datafield tag="650" ind1=" " ind2=" ">
    <subfield code="a">Christianity and culture -- China.</subfield>
  </datafield>
  <datafield tag="952" ind1=" " ind2=" ">
    <subfield code="0">0</subfield>
    <subfield code="1">0</subfield>
    <subfield code="4">0</subfield>
    <subfield code="7">0</subfield>
    <subfield code="a">GETS</subfield>
    <subfield code="b">GETS</subfield>
    <subfield code="c">GEN</subfield>
    <subfield code="d">2020-08-30</subfield>
    <subfield code="l">0</subfield>
    <subfield code="o">BR1285 .W83 2015&#xA0;</subfield>
    <subfield code="p">00010774</subfield>
    <subfield code="r">2020-08-30 00:00:00</subfield>
    <subfield code="w">2020-08-30</subfield>
    <subfield code="y">CB</subfield>
  </datafield>
  <datafield tag="999" ind1=" " ind2=" ">
    <subfield code="c">23029</subfield>
    <subfield code="d">23029</subfield>
  </datafield>
</record>
